[Event "Masters"]
[Site "Lusail, Qatar"]
[Date "2023.10.14"]
[Round "4.6"]
[White "Gukesh, D."]
[Black "Yilmazyerli, Mert"]
[Result "1-0"]
[WhiteElo "2758"]
[BlackElo "2533"]
[EventDate "2023.??.??"]
[Annotator "Bojkov,Dejan"]
[PlyCount "107"]
[Beauty "6736521990187"]
[EventType "team-tourn"]
[EventCountry "QAT"]
[WhiteTeam "India"]
[BlackTeam "Turkey"]
[WhiteTeamCountry "IND"]
[BlackTeamCountry "TUR"]

1.e4 e5 2.Nf3 Nf6 3.Nxe5 d6 4.Nd3 {One of the many attempts to get \"a game\" against the Petroff.} ( {Carlsen in his turn recently tried another well forgotten line:} 4.Nf3 Nxe4 5.Qe2 Qe7 6.d3 Nf6 7.Nc3 Qxe2+ 8.Bxe2 Be7 9.Bd2 O-O 10.O-O-O a6 11.Rhe1 Re8 12.d4 h6 13.Bd3 Bg4 14.h3 Bxf3 15.gxf3 {Carlsen,M (2839)-Nepomniachtchi,I (2771) Chess.com INT 2023} ) 4...Nxe4 5.Nf4 d5 6.d4 Be7 7.Bd3 O-O 8.O-O Nf6 9.h3 Re8 10.Re1 $146 {This obvious move is a novelty and was played after lengthy thought.} ( {White did not get much in the predecessor game:} 10.Be3 Nc6 11.c3 Bd6 12.Qf3 Ne7 13.Nd2 c6 14.Rfe1 Ng6 15.Nh5 Nxh5 16.Qxh5 Bd7 {Fedoseev,V (2704)-Nihal,S (2652) Riga 2021} ) 10...Bd6 11.Rxe8+ Qxe8 12.Nc3 {Neither did White get anything out of the opening here. The full symmetry suggests approximate equality, despite the extra tempo for White and the slightly improved position of his kingside knight.} 12...c6 13.Bd2 Nbd7 14.Qf3 Nf8 15.Re1 {Yes, White got the open file, but how can you use it when there are no infiltration squares $2} 15...Qd8 16.Nce2 Bd7 {Many people would have thought about shaking hands already, either here, or after a few more maneuvers and trading along the only open file.} ( {Also good and solid is} 16...Ng6 17.Ng3 Bd7 ) 17.b3 {Gukesh, however, has another opinion on the matter. For starters, he finds a plan.} ( {White does not want to allow an isolani.} 17.c4 dxc4 18.Bxc4 ) 17...Qb6 18.Rb1 $5 {[%c_effect b1;square;b1;type;Interesting;persistent;true] White is further preparing the c2-c4 advance.} ( {The immediate} 18.c4 {would have been met with} 18...Bb4 ) 18...Re8 19.c4 Bb4 $1 {[%c_effect b4;square;b4;type;GreatFind;persistent;true] The same idea is best here as well, and Yilmazyerli is correctly trying to seal the queenside.} 20.Be3 {Continuing to play for imbalances.} ( {Instead, trades such as} 20.Bxb4 Qxb4 21.cxd5 cxd5 22.Nxd5 Nxd5 23.Qxd5 {have a tendency to completely dry up a position, and this is no exception after} 23...Qd2 24.Qf3 Bc6 $1 {[%c_effect c6;square;c6;type;GreatFind;persistent;true]} ( 24...Qxa2 25.Nc3 {is less convincing.} ) 25.d5 Bxd5 $1 {[%c_effect d5;square;d5;type;GreatFind;persistent;true]} 26.Qxd5 Rxe2 {with total equality.} ) 20...Qa5 21.a3 $3 {[%c_effect a3;square;a3;type;Brilliant;persistent;true] Wow $1 That's what great mastery is all about. Any position may become dull or may turn into a fantastic opportunity when played by a creative genius $1} 21...Bd6 {Yilmazyerli is once again very cautious.} ( {It seems as though the pawn could have been taken by either of Black's pieces. However, in both lines Black needed to avoid the automatic captures, for example} 21...Bxa3 22.Ra1 Qb4 23.cxd5 {would be strongly met with} 23...Ng6 $1 {[%c_effect g6;square;g6;type;GreatFind;persistent;true]} ( {It's less strong to play} 23...cxd5 24.Nxd5 Nxd5 25.Qxd5 {when White gets what he wants.} ) ) ( {And} 21...Qxa3 $5 {[%c_effect a3;square;a3;type;Interesting;persistent;true] should be fine for Black after} 22.cxd5 Qa5 $1 {[%c_effect a5;square;a5;type;GreatFind;persistent;true]} ) 22.b4 {There is no longer a way back, and Black needs to accept the challenge.} 22...Qxa3 23.c5 Bc7 $1 {[%c_effect c7;square;c7;type;GreatFind;persistent;true] Now Black is creative and brave $1} ( {Objectively, however, it would have been better to play} 23...Bxf4 $1 {[%c_effect f4;square;f4;type;GreatFind;persistent;true]} 24.Bxf4 ( 24.Nxf4 Ne4 ) 24...Bf5 $1 {[%c_effect f5;square;f5;type;GreatFind;persistent;true] tying down the opponent's pieces.} ) 24.Bc1 Qa2 25.Nc3 {The queen is trapped, but...} 25...Re1+ 26.Kh2 Qxb1 $1 {[%c_effect b1;square;b1;type;GreatFind;persistent;true] Yilmazyerli has foreseen all of this.} 27.Nxb1 Rxc1 {Black has enough material for her majesty.} 28.g3 {His rook is in trouble, though; therefore, Black rushes back home.} 28...Re1 ( {White is better after} 28...Bxf4 29.Qxf4 Re1 30.Nd2 ) 29.Ne2 $5 {[%c_effect e2;square;e2;type;Interesting;persistent;true] With the clear intention of trapping the black rook now for a change after Qf3-e3-d2 $1} ( 29.Na3 $5 {[%c_effect a3;square;a3;type;Interesting;persistent;true]} 29...Ng6 30.Nc2 {might have been an option too.} ) 29...Ne6 $1 {[%c_effect e6;square;e6;type;GreatFind;persistent;true] Yilmazyerli finds powerful counterplay, and in the process, he sets a nasty trap.} ( {Instead} 29...Ng6 {would also have set up the same idea, but White there has} 30.Kg2 $1 {[%c_effect g2;square;g2;type;GreatFind;persistent;true]} ( {But not} 30.Qe3 $2 {[%c_effect e3;square;e3;type;Mistake;persistent;true]} 30...Nh4 $1 {[%c_effect h4;square;h4;type;GreatFind;persistent;true]} 31.Nd2 Bxh3 $1 {[%c_effect h3;square;h3;type;GreatFind;persistent;true]} ) 30...a5 31.Qe3 {when the black rook is still in danger.} ( {Or} 31.bxa5 Bxa5 32.Qe3 ) ) 30.Qe3 h6 $1 {[%c_effect h6;square;h6;type;GreatFind;persistent;true] An important move in Black's plan.} 31.f4 $1 {[%c_effect f4;square;f4;type;GreatFind;persistent;true] Gukesh is careful, and the rook is still trapped.} ( {The trap would be revealed after} 31.Qd2 $2 {[%c_effect d2;square;d2;type;Mistake;persistent;true]} 31...Ng5 $1 {[%c_effect g5;square;g5;type;GreatFind;persistent;true] when it is suddenly Black who is trapping the white pieces.} ) 31...g5 $3 {[%c_effect g5;square;g5;type;Brilliant;keyPressed;undefined;persistent;true] And that was Black's additional counterplay $1 He gets powerful compensation on the dark squares.} 32.Qd2 Rxe2+ $1 {[%c_effect e2;square;e2;type;GreatFind;persistent;true]} 33.Bxe2 ( 33.Qxe2 {is perhaps a tad more accurate.} 33...gxf4 34.Kh1 fxg3 35.Qe3 ) 33...gxf4 34.Nc3 fxg3+ 35.Kh1 {The position has undergone another metamorphosis. Black now has just two minor pieces for the queen but also three pawns. And what pawns they are $1} 35...Bf4 {In time trouble, a player may not be able to determine on which square which piece belongs.} ( {It turns out that the knight needed it for the time being, and after} 35...Nf4 $1 {[%c_effect f4;square;f4;type;GreatFind;persistent;true]} 36.Qe3 ( 36.Bf1 Bf5 ) 36...Ng6 $1 {[%c_effect g6;square;g6;type;GreatFind;persistent;true] Black could have supported the g3-passer with his h-pawn. Here, too, lies a small trap} 37.Qxh6 $4 {[%c_effect h6;square;h6;type;Blunder;persistent;true]} 37...Bf4 ) 36.Qd3 Ng5 37.Bf1 Nfe4 {Black is trying to lock the queen in.} 38.Nxe4 dxe4 ( {Not much is changed after} 38...Nxe4 39.Qf3 Bc7 40.Kg1 {White would still need to find a way to infiltrate the opponent's camp.} ) 39.Qe2 Be6 40.Bg2 f5 {Ahhh, the dreadful 40th move $1} ( {Yilmazyerli correctly avoided} 40...Bd5 41.Qg4 $1 {[%c_effect g4;square;g4;type;GreatFind;persistent;true]} ) ( {But the study-like} 40...h5 $3 {[%c_effect h5;square;h5;type;Brilliant;persistent;true] would likely have built a fortress after} 41.Qxh5 e3 42.Qe2 Nxh3 43.Bxh3 Bxh3 44.Qf3 e2 $1 {[%c_effect e2;square;e2;type;GreatFind;persistent;true]} 45.Qxe2 Be6 {and, as the bishop supports the passer, White should find a way through.} ) 41.h4 $1 {[%c_effect h4;square;h4;type;GreatFind;persistent;true] Now Gukesh finds entry points for his queen.} 41...Nf7 {After this, Black stood no chance.} ( {I am very curious to find out if} 41...Kg7 $3 {[%c_effect g7;square;g7;type;Brilliant;persistent;true]} 42.hxg5 hxg5 {is an incredible fortress or not. White can certainly try} 43.b5 Bd5 44.bxc6 bxc6 45.Qa6 {but whether White is winning after} 45...Be3 {I do not know. It would be very interesting to hear the readers' opinions on the matter $1} ) 42.Bh3 e3 43.Kg1 Kg7 ( {If} 43...Bd5 44.Bxf5 {wins for White.} ( {Or} 44.Bg2 ) ) 44.Qf3 e2 45.Qxe2 Kf6 46.Bg2 a6 47.Qd3 h5 48.Bf3 {Gukesh slowly finds his way in.} 48...Nh6 49.Bxh5 Ng4 50.Bxg4 fxg4 51.Qe4 Bc7 52.h5 {White has broken through and deserves the win.} 52...Bf5 53.Qe3 Be6 54.Qh6+ {A fantastic game by both players $1} 1-0

[Event "Masters"]
[Site "Lusail, Qatar"]
[Date "2023.10.17"]
[Round "6.4"]
[White "Erigaisi, Arjun"]
[Black "Makarian, Rudik"]
[Result "1-0"]
[WhiteElo "2712"]
[BlackElo "2548"]
[EventDate "2023.??.??"]
[Annotator "Bojkov,Dejan"]
[PlyCount "83"]
[Beauty "7562229467176"]
[EventType "team-tourn"]
[EventCountry "QAT"]
[WhiteTeam "India"]
[BlackTeam "FID"]
[WhiteTeamCountry "IND"]

{[%evp 0,83,17,-9,42,36,42,42,35,35,35,44,51,57,61,22,22,22,22,-8,62,60,62,62,61,35,44,28,32,18,12,21,10,5,7,-31,-48,-33,-3,19,13,9,85,1,3,-72,-16,-69,-67,-75,-36,-36,13,-56,-42,-54,-6,1,40,45,91,102,102,110,101,107,126,121,188,189,174,150,157,168,300,253,278,171,375,329,546,497,532,532,737,794]} 
1.c4 c6 2.Nf3 d5 3.e3 Nf6 4.Nc3 a6 {The Chebanenko Slav, named after a prominent Moldovan coach, is one of the most important opening discoveries of the second half of the twentieth century.} 5.d4 Bf5 6.Qb3 b5 7.c5 a5 8.Nh4 Bc8 {The bishop is far from shy about moving back to the initial position in many lines of the Slav.} ( {And sometimes, it uses tricky ideas to remain active, as in the following game:} 8...Be6 9.Qc2 g6 10.Bd3 Bg7 11.O-O O-O 12.Bd2 Nfd7 13.Ne2 Bg4 14.f3 e5 $1 {[%c_effect e5;square;e5;type;GreatFind;persistent;true]} 15.g3 ( 15.fxg4 Qxh4 ) 15...Be6 {Moussard,J (2680) -Mastrovasilis,D (2599) Vrnjacka Banja 2023} ) 9.f4 {All of this has been seen in a game from the 2018 Batumi Olympiad, which both opponents should definitely have known. After a long think, Makarian set up the board for a new game...} 9...Ng8 $5 $146 {[%c_effect g8;square;g8;type;Interesting;persistent;true] Jokes aside, there is a serious threat behind this retreat. Besides, the move prepares the optimal development of the black pieces.} ( {Black actually did well in the predecessor game after:} 9...g6 10.Bd3 Nh5 11.Nf3 Bf5 12.e4 a4 13.Qc2 dxe4 14.Bxe4 Bxe4 15.Nxe4 Bg7 {Gelfand,B (2703) -Grandelius $146 (2655) Batumi 2018} ) 10.Nf3 {Erigaisi also spent a good amount of time on the clock before retreating himself.} ( {The threat is revealed in case of the simple-minded development} 10.Bd3 $2 {[%c_effect d3;square;d3;type;Mistake;persistent;true]} 10...e5 $1 {[%c_effect e5;square;e5;type;GreatFind;persistent;true] when Black, without a single developed piece, is suddenly almost winning $1} ) 10...a4 {Apparently also a necessary pawn move.} ( {The immediate development} 10...g6 {allows a powerful sacrifice} 11.Nxb5 $1 {[%c_effect b5;square;b5;type;GreatFind;persistent;true]} 11...cxb5 12.Bxb5+ Bd7 13.Qxd5 Bxb5 14.Qxa8 {and White wins material.} ) 11.Qc2 g6 {Quite a picturesque position $1 Black has played \"beginner's chess,\" using only his pawns instead of developing the pieces. Still, since his pieces are about to occupy their optimal squares, and since, of course, the position is locked, he can afford to play like that $1} 12.Ne5 {White prefers to preserve his light-squared bishop from a possible trade.} ( {It was also possible to play against his opponent's light-squared bishop with} 12.Bd3 Bg7 13.h3 {but Black dodges that with} 13...h5 14.Bd2 Nh6 15.O-O-O Bf5 $1 {[%c_effect f5;square;f5;type;GreatFind;persistent;true]} ) 12...Bg7 {Black also keeps his light-squared bishop on its initial square for the time being.} ( {The immediate} 12...Bf5 $5 {[%c_effect f5;square;f5;type;Interesting;persistent;true] was also possible, when Black does not need to fear} 13.e4 Bxe4 14.Nxe4 dxe4 15.Qxe4 Nf6 16.Qf3 Qd5 ) 13.Bd2 Nh6 ( {Makarian is correctly avoiding} 13...Bf5 14.Qd1 h5 {when White can sacrifice at once with} 15.Nxc6 Nxc6 16.Bxb5 Qd7 17.Nxa4 {which would be an improved version of the sacrifice in the game.} ) 14.Be2 {White has to lose a tempo for starters.} ( {Here} 14.Nxc6 Nxc6 15.Nxb5 Bd7 {is not as convincing for White.} ) 14...O-O 15.O-O Bf5 16.Qd1 f6 {Played without much hesitation.} 17.Nxc6 $1 {[%c_effect c6;square;c6;type;GreatFind;persistent;true] This sacrifice was always in the air, but in this particular case it seemed more or less forced.} ( {The retreat allows the freeing break} 17.Nf3 e5 {which, at a glance, looks dubious for Black in the line} 18.fxe5 fxe5 ( {However, the beautiful pawn sacrifice} 18...Nd7 $3 {[%c_effect d7;square;d7;type;Brilliant;persistent;true]} 19.exf6 Nxf6 20.Ne5 Qe8 {leads to a pleasant position for the second player.} ) 19.Nxe5 Bxe5 20.dxe5 Nf7 21.Be1 {with an edge for White.} ) 17...Nxc6 18.Bxb5 Bg4 {This only helps White.} ( {Two ideas made more sense. The sharp} 18...Na5 $5 {[%c_effect a5;square;a5;type;Interesting;persistent;true]} 19.Nxa4 Nc4 ) ( {as well as the immediate} 18...Na7 19.Bxa4 Rb8 20.Qc1 {Black can use the tempo saved for something creative, like} ( {Amazingly, even here the computer finds tactics.} 20.b4 $1 {[%c_effect b4;square;b4;type;GreatFind;persistent;true]} 20...Rxb4 21.Bb3 e6 22.Nxd5 Rxb3 23.axb3 Qxd5 24.Rxa7 Be4 25.Qe2 Qxb3 {This is still unclear.} ) 20...e5 $5 {[%c_effect e5;square;e5;type;Interesting;persistent;true]} ) 19.Qc1 Na7 20.Bxa4 {Did I actually say sacrifice $2 Erigaisi has three pawns for the piece, and with the help of some tempi will quickly be able to rush them up to the queening squares.} 20...Kh8 $1 {[%c_effect h8;square;h8;type;GreatFind;persistent;true] Necessary prophylaxis.} ( {The immediate} 20...e5 {is refuted by} 21.Nxd5 $1 {[%c_effect d5;square;d5;type;GreatFind;persistent;true]} ) 21.Bb3 {With his next maneuvers, White tries to deprive his opponent of any active counterplay in the center.} ( {The immediate} 21.b4 e5 22.b5 g5 $1 {[%c_effect g5;square;g5;type;GreatFind;persistent;true] might have led to a total mess.} ) 21...e6 22.Na4 Nc8 23.Bd1 {Or else the black bishop might switch to the a6-f1 diagonal.} 23...Bxd1 24.Qxd1 Qd7 {Obvious, but since White has lost a few tempi, it feels as though Black should have something more.} ( 24...e5 {is always a candidate, for example} 25.b4 exd4 26.exd4 f5 $1 {[%c_effect f5;square;f5;type;GreatFind;persistent;true] followed by a knight transfer to the e4-outpost.} ) 25.b3 {A do or die moment for Black.} 25...Qc6 {And he maneuvers...This is too slow $1} ( {Two other options are more tempting:} 25...e5 $5 {[%c_effect e5;square;e5;type;Interesting;persistent;true] when Black need not fear} 26.fxe5 fxe5 27.Rxf8+ Bxf8 28.dxe5 Qe6 ) ( {And} 25...Nf5 $5 {[%c_effect f5;square;f5;type;Interesting;persistent;true]} ) 26.Bc3 {Now e6-e5 no longer seems to be a good idea.} 26...Ra7 {Makarian sends all the reserves to the kingside, but who will stop the passers on the other side of the board $2} ( {However, Black had another way to search for kingside counterplay} 26...Nf5 $5 {[%c_effect f5;square;f5;type;Interesting;persistent;true]} 27.Qd3 g5 ) 27.Qd2 Raf7 28.Nb2 e5 ( {It was not too late for} 28...g5 29.fxg5 fxg5 30.Rxf7 Nxf7 ) 29.b4 {Time for Erigaisi's pawns to steamroll.} 29...exf4 30.exf4 Re7 {Clearly the counterplay has not achieved its aim.} ( {Here} 30...f5 {is already too slow due to} 31.a4 Ng4 32.Nd3 $1 {[%c_effect d3;square;d3;type;GreatFind;persistent;true]} ) 31.a4 {The pawns are moving too fast.} 31...Re4 32.b5 Qe6 33.Rfe1 $1 {[%c_effect e1;square;e1;type;GreatFind;persistent;true] The trade of the heavy pieces deprives Black of any hopes.} 33...Qf5 ( {Or} 33...Re8 34.Nd3 ) 34.Rxe4 dxe4 35.Nc4 Ne7 36.a5 Nd5 37.a6 Ng4 38.h3 {A small subtlety.} 38...e3 {This loses, but...} ( {The retreat was not an option.} 38...Nh6 39.a7 ) 39.hxg4 exd2 40.gxf5 Nxc3 41.b6 d1=N {A little pre-resignation humor.} 42.Rxd1 1-0